000 00715nam a2200241 a 4500
001 BRCA_7911
005 20190320210041.0
008 170214s1964----mx-ae#####---#000-0#spa-#
041 _aspa
044 _amx
050 4 _aNA5257.T4
_b.C65 1964
245 1 0 _aColegios de Tepotzotlán
_brestauraciones y museología.
260 _aMéxico
_bINAH
_c1964
300 _a43 p.
_bil., 80 láminas, 31 planos
_c31 cm.
500 _aY203
650 1 4 _aArquitectura religiosa
_zMéxico
_924
650 1 4 _aArquitectura colonial
_97560
650 1 4 _aColegios de Tepotzotlán
_919570
650 1 4 _aConservación y restauración
_910779
651 4 _aTepotzotlán, México (Estado)
_919571
902 _aGFM
942 _2lcc
_cB
999 _c7583
_d7583